| 000 | 00677nam a22002297a 4500 | ||
|---|---|---|---|
| 003 | UA-OsUOA | ||
| 001 | 109138 | ||
| 007 | ta | ||
| 008 | 20141202b un ||||| |||| 00| 0 ukr d | ||
| 090 |
_a347.122(477) _bС89 |
||
| 942 | _cBK | ||
| 040 |
_aUA-OsUOA _bukr _cUA-OsUOA _dUA-OsUOA |
||
| 245 |
_aСуб'єкти цивільного права _cзаг. ред. Я. М. Шевченко |
||
| 300 | _a632 с. | ||
| 955 | _a1 | ||
| 041 | _aukr | ||
| 080 | _a347.122(477) | ||
| 020 | _a978-966-8395-46-8 | ||
| 260 |
_aХарків _bХарків юридичний _c2009 |
||
| 650 | 7 |
_a347 Цивільне право. Судовий устрій _2UDC |
|
| 999 |
_c394739 _d394739 |
||